| 000 | 01851cam a2200421 a 4500 | ||
|---|---|---|---|
| 999 |
_c126877 _d126877 |
||
| 001 | 2580637 | ||
| 003 | ARRUPE | ||
| 005 | 20170904120248.0 | ||
| 008 | 960729m19969999mnu b 000 0 eng | ||
| 010 | _a 96034651 | ||
| 020 | _a0814658709 (v. 1) | ||
| 020 | _a0814658717 (v. 2A) | ||
| 020 | _a0814658725 (v. 2B) | ||
| 020 | _a0814658733 (v. 3A) | ||
| 020 | _a0814658741 (v. 3B) | ||
| 020 | _a0814659594 (v. 3C) | ||
| 020 | _a08414651194 (v. 4A) | ||
| 035 | _a(DLC) 96034651 | ||
| 040 |
_aDLC _cDLC _dDLC |
||
| 050 | 0 | 0 |
_aBS2595.3 _b.H46 1996 |
| 082 | 0 | 0 |
_a226.4/07 _220 |
| 100 | 1 |
_aHendrickx, Herman. _935556 |
|
| 245 | 1 | 4 |
_aThe Third Gospel for the Third World / _cHerman Hendrickx. _bVolume one: preface and infancy narrative (Luke 1:1-2:52) |
| 260 |
_aCollegeville, Minn. : _bLiturgical Press, _cc1996-<c2001 > |
||
| 300 |
_axiv, 285p. ; _c21 cm. |
||
| 630 | 0 | 0 |
_aBible.N.T. _pLuke _xCommentaries. _935557 |
| 906 |
_a7 _bcbc _corignew _d1 _eocip _f19 _gy-gencatlg |
||
| 942 |
_2lcc _cMONOGRAPH |
||